Top 15 landen met Covid-19 sterfgevallen - 18 augustus 2021 - Statistieken

Algemene statistieken
  • Deze quiz is 3 keer genomen
  • De gemiddelde score is 8 van 25
Antwoordstatistieken
land % Correct
België
100%
Rusland
100%
Spanje
100%
Duitsland
67%
Italië
67%
Verenigde Staten
67%
Brazilië
33%
Colombia
33%
Frankrijk
33%
India
33%
Mexico
33%
Slovenië
33%
Slowakije
33%
Tsjechië
33%
Argentinië
0%
Bosnië en Herzegovina
0%
Bulgarije
0%
Hongarije
0%
Indonesië
0%
Iran
0%
Kroatië
0%
Noord-Macedonië
0%
Paraguay
0%
Peru
0%
Verenigd Koninkrijk
0%
Geen overeenkomende quizzen gevonden
Scoreverdeling
Procent van Mensen met Elke Score
Percentiel versus Aantal Correcte Antwoorden
Uw Scoregeschiedenis
U heeft deze quiz nog niet genomen